El señor de los ladrones /

Huyendo de su tía, que intenta separarlos, Próspero y Bonifacio llegan hasta la maravillosa Venecia. Allí encuentran cobijo en una pandilla juvenil liderada por un misterioso cabecilla apodado Señor de los Ladrones. La unidad de la banda parece romperse cuando un enigmático encargo lleva a los niños...

Descripción completa

Guardado en:
Autor Principal: Funke, Cornelia.
Otros Autores: Falcó, Roberto.
Formato: Libro
Idioma:Undetermined
Publicado: Buenos Aires : Destino, 2003.
Edición:1a ed.
Series:La isla del tiempo
Materias:
Etiquetas: Agregar Etiqueta
Sin Etiquetas, Sea el primero en etiquetar este registro!
LEADER 01230nam a22002295a 4500
001 CEM.cems021177
008 240528s2003####ag############000#0#und#d
005 20240528165712.0
245 1 0 |a El señor de los ladrones /  |c Cornelia Funke ; traducido por Roberto Falcó. 
250 |a 1a ed. 
260 |a Buenos Aires :  |b Destino,  |c 2003. 
300 |a 408 p. 
490 1 |a La isla del tiempo 
520 |a Huyendo de su tía, que intenta separarlos, Próspero y Bonifacio llegan hasta la maravillosa Venecia. Allí encuentran cobijo en una pandilla juvenil liderada por un misterioso cabecilla apodado Señor de los Ladrones. La unidad de la banda parece romperse cuando un enigmático encargo lleva a los niños a una isla de la laguna que alberga un misterio que lo cambia todo...Un relato que mezcla elementos de David Copperfield y Peter Pan, un protagonista que se asemeja a un moderno Robin Hood, una novela sorprendente, que atrapará a todos los lectores. 
020 |a 9507320415 
100 1 |a Funke, Cornelia. 
700 1 |a Falcó, Roberto. 
653 |a Literatura juvenil 
653 |a Literatura alemana 
653 |a Novela juvenil 
653 |a Novela alemana 
859 |a CEMS  |b BIB. CEMS - 11 de abril  |h 833.9  |i F964  |p 29450.24  |t Ej.1